[Event "Mittelfranken Landesliga Nord 2223"]
[Site "Mittelfranken"]
[Date "2023.04.23"]
[Round "9.5"]
[White "Kues, Manuel"]
[Black "Maurer, Heinrich"]
[Result "0-1"]
[WhiteElo "2028"]
[BlackElo "2072"]
[PlyCount "138"]
[EventDate "2022.10.09"]
[EventType "team-tourn"]
[EventRounds "9"]
[EventCountry "GER"]
[SourceTitle "EXT 2024"]
[Source "ChessBase"]
[SourceDate "2023.10.10"]
[SourceVersion "1"]
[SourceVersionDate "2023.10.10"]
[SourceQuality "1"]
[WhiteTeam "Kareth Lappersdorf"]
[BlackTeam "Kelheim"]
[WhiteTeamCountry "GER"]
[BlackTeamCountry "GER"]

1. e4 c5 2. Nf3 e6 3. d4 cxd4 4. Nxd4 Nf6 5. e5 Qa5+ 6. Nc3 Qxe5+ 7. Be2 Nc6 8. Nf3 Qb8 9. 0-0 d5 10. Re1 Be7 11. Bg5 0-0 12. Qd2 a6 13. a4 Qc7 14. Nd4 Bd7 15. Bf3 Rfe8 16. h4 Rac8 17. Bf4 Bd6 18. Bg5 Be7 19. Bf4 Qb6 20. Nxc6 Bxc6 21. h5 d4 22. Ne4 Bxe4 23. Bxe4 Nxe4 24. Rxe4 Qxb2 25. Rd1 Bf6 26. Rc1 Qc3 27. Qe2 e5 28. Bxe5 Bxe5 29. Rxe5 Rxe5 30. Qxe5 d3 31. Qxc3 Rxc3 32. Rd1 Rxc2 33. Rxd3 Kf8 34. Rb3 Rc7 35. Kh2 Ke7 36. Rb6 h6 37. Kg3 Kd7 38. Kf3 Rc3+ 39. Ke4 Kc7 40. Rb4 Kc6 41. Kd4 Rc2 42. Ke3 Rc5 43. Rg4 Rg5 44. Rc4+ Kd6 45. g4 b5 46. Rf4 f6 47. Kd3 Rc5 48. f3 Re5 49. Kc3 Kc5 50. axb5 axb5 51. Kb3 Re3+ 52. Kc2 b4 53. Rf5+ Re5 54. Rf4 Kb5 55. Kb3 Re3+ 56. Kb2 Ka4 57. Kc2 Ka3 58. Rf5 Rc3+ 59. Kd2 Rc7 60. Ra5+ Kb2 61. Ra4 Rd7+ 62. Ke3 Kc3 63. Ra8 Re7+ 64. Kf4 b3 65. Rc8+ Kd2 66. Rb8 Kc2 67. Rc8+ Kb1 68. Rb8 b2 69. Kf5 Rc7 0-1

[Event "Mittelfranken Landesliga Nord 2223"]
[Site "Mittelfranken"]
[Date "2023.03.19"]
[Round "8.5"]
[White "Mueller, Marcus"]
[Black "Kues, Manuel"]
[Result "1-0"]
[WhiteElo "2063"]
[BlackElo "2028"]
[PlyCount "109"]
[EventDate "2022.10.09"]
[EventType "team-tourn"]
[EventRounds "9"]
[EventCountry "GER"]
[SourceTitle "EXT 2024"]
[Source "ChessBase"]
[SourceDate "2023.10.10"]
[SourceVersion "1"]
[SourceVersionDate "2023.10.10"]
[SourceQuality "1"]
[WhiteTeam "Nuernberg Sued SW"]
[BlackTeam "Kareth Lappersdorf"]
[WhiteTeamCountry "GER"]
[BlackTeamCountry "GER"]

1. d4 f5 2. g3 Nf6 3. Bg2 e6 4. Nf3 Be7 5. 0-0 0-0 6. c4 d6 7. b3 Qe8 8. Bb2 a5 9. Qc2 c6 10. Nbd2 Qg6 11. Rfe1 Ne4 12. Rac1 Nxd2 13. Nxd2 Nd7 14. d5 cxd5 15. cxd5 e5 16. a3 Qh6 17. b4 f4 18. Ne4 Nf6 19. Nxf6+ Bxf6 20. bxa5 fxg3 21. hxg3 Bd8 22. Bc3 Bh3 23. Bd2 Qh5 24. Rb1 Bxg2 25. Kxg2 Qf7 26. f3 Qxd5 27. Bb4 Bxa5 28. Red1 Qf7 29. Bxd6 Rfe8 30. Qe4 b6 31. Rd3 Rac8 32. Rb5 Bc3 33. Qd5 Bd4 34. Qxf7+ Kxf7 35. e3 Rc2+ 36. Kh3 Bc5 37. Bxc5 bxc5 38. e4 Re6 39. Rd7+ Kg6 40. Rbb7 Kh6 41. Rxg7 Rc3 42. Rxh7+ Kg5 43. Rhg7+ Kh6 44. Rgf7 Rxa3 45. Rbc7 Rc3 46. g4 Kg6 47. Kg3 Rc1 48. Rg7+ Kh6 49. Rge7 Rxe7 50. Rxe7 Kg6 51. Rxe5 Kf6 52. Kf4 c4 53. g5+ Kg6 54. Rc5 c3 55. Rc6+ 1-0

[Event "Mittelfranken Landesliga Nord 2223"]
[Site "Mittelfranken"]
[Date "2023.01.15"]
[Round "5.4"]
[White "Basel, Matthias"]
[Black "Kues, Manuel"]
[Result "1/2-1/2"]
[WhiteElo "1977"]
[BlackElo "2028"]
[PlyCount "157"]
[EventDate "2022.10.09"]
[EventType "team-tourn"]
[EventRounds "9"]
[EventCountry "GER"]
[SourceTitle "EXT 2024"]
[Source "ChessBase"]
[SourceDate "2023.10.10"]
[SourceVersion "1"]
[SourceVersionDate "2023.10.10"]
[SourceQuality "1"]
[WhiteTeam "Kitzingen"]
[BlackTeam "Kareth Lappersdorf"]
[WhiteTeamCountry "GER"]
[BlackTeamCountry "GER"]

1. d4 f5 2. g3 Nf6 3. Bg2 e6 4. h4 d5 5. Nh3 Nc6 6. c3 Bd6 7. b4 Bd7 8. Bg5 0-0 9. Nd2 Qe8 10. Qb3 a5 11. Bxf6 Rxf6 12. bxa5 Nxa5 13. Qc2 Ba4 14. Qc1 Qg6 15. Bf3 Bb5 16. Rb1 c6 17. Qc2 Qe8 18. a4 Ba6 19. e3 e5 20. Be2 exd4 21. cxd4 Bxg3 22. fxg3 Qxe3 23. Nf1 Qxd4 24. Bxa6 bxa6 25. Rh2 Re8+ 26. Re2 Rfe6 27. Nf4 Rxe2+ 28. Nxe2 Nc4 29. Rb8 Qa1+ 30. Rb1 Qe5 31. Rb3 f4 32. Rf3 fxg3 33. Nfxg3 g6 34. Kf2 Qe7 35. h5 Qc5+ 36. Ke1 Qg1+ 37. Nf1 Qg4 38. Qc3 Qxh5 39. Nfg3 Qe5 40. Qd3 Qa1+ 41. Kf2 Ne5 42. Qxa6 Nxf3 43. Kxf3 Qf6+ 44. Kg2 h5 45. Qd3 h4 46. Nf1 Rf8 47. Nh2 Qf2+ 48. Kh3 Kh7 49. Nd4 c5 50. Ne6 Rf5 51. a5 c4 52. Qa3 Qg3+ 53. Qxg3 hxg3 54. Kxg3 Rf6 55. Nc7 d4 56. a6 c3 57. a7 Rf8 58. Ne6 Ra8 59. Nxd4 Rxa7 60. Nhf3 Ra2 61. Ne1 Rd2 62. Ndc2 Kh6 63. Kg4 g5 64. Na3 Rd4+ 65. Kg3 Kh5 66. Nac2 Rd2 67. Na3 g4 68. Nac2 Re2 69. Kf4 Kh4 70. Nd3 Kh3 71. Ne3 g3 72. Kf3 Rxe3+ 73. Kxe3 c2 74. Kd2 Kg4 75. Ke2 Kh3 76. Kd2 Kh2 77. Ne1 g2 78. Nxg2 Kxg2 79. Kxc2 1/2-1/2

[Event "Bamberg op 4th"]
[Site "Bamberg"]
[Date "2022.07.27"]
[Round "1"]
[White "Reprintsev, Alexander"]
[Black "Kues, Manuel"]
[Result "1-0"]
[WhiteElo "2353"]
[BlackElo "1998"]
[PlyCount "75"]
[EventDate "2022.07.27"]
[EventType "swiss"]
[EventRounds "9"]
[EventCountry "GER"]
[SourceTitle "EXT 2023"]
[Source "ChessBase"]
[SourceDate "2022.10.05"]
[SourceVersion "1"]
[SourceVersionDate "2022.10.05"]
[SourceQuality "1"]

1. e4 c5 2. b3 Nc6 3. Bb2 e6 4. Qe2 d6 5. f4 Nf6 6. Nc3 Nd4 7. Qd3 Be7 8. 0-0-0 a6 9. Re1 b6 10. Nf3 Nc6 11. g4 Bb7 12. g5 Nd7 13. h4 Qc7 14. h5 h6 15. g6 f6 16. Bh3 Nf8 17. Qe3 b5 18. d4 cxd4 19. Nxd4 Nxd4 20. Qxd4 Qc5 21. Qd2 e5 22. Kb1 Nd7 23. Rd1 exf4 24. Bxd7+ Kxd7 25. Qxf4 Qe5 26. Qf2 Bd8 27. Na4 Qe7 28. Nc5+ Kc6 29. Nxb7 Kxb7 30. Qd4 Bc7 31. a4 Qe5 32. Qd3 Qc5 33. Qf3 Qc6 34. axb5 axb5 35. Rd5 Rhe8 36. Qd3 Ka6 37. Bd4 Ba5 38. Bxf6 1-0

[Event "Landesliga Nord 1920"]
[Site "Bayern"]
[Date "2019.11.10"]
[Round "2.6"]
[White "Kues, Manuel"]
[Black "Lukas, Norbert"]
[Result "0-1"]
[WhiteElo "1984"]
[BlackElo "1933"]
[PlyCount "56"]
[EventDate "2019.09.29"]
[EventType "team-tourn"]
[EventRounds "9"]
[EventCountry "GER"]
[SourceTitle "EXT 2021"]
[Source "ChessBase"]
[SourceDate "2020.10.23"]
[SourceVersion "1"]
[SourceVersionDate "2020.10.23"]
[SourceQuality "1"]
[WhiteTeam "Kareth Lappersdorf"]
[BlackTeam "Schweinfurt"]
[WhiteTeamCountry "GER"]
[BlackTeamCountry "GER"]

1. e4 e6 2. b3 d5 3. Bb2 dxe4 4. Nc3 Nf6 5. Qe2 Bb4 6. g3 Nc6 7. 0-0-0 Qe7 8. Nxe4 Ba3 9. d4 a5 10. Nxf6+ gxf6 11. d5 Nd8 12. Bg2 a4 13. Nh3 Bxb2+ 14. Kxb2 axb3 15. cxb3 Qa3+ 16. Kb1 e5 17. Qb2 Bf5+ 18. Ka1 Qb4 19. f4 0-0 20. Rhe1 Nc6 21. Re3 Nd4 22. Rc1 Ra5 23. Rc4 Qb6 24. Rec3 Rfa8 25. a4 Nxb3+ 26. Qxb3 Rxa4+ 27. Rxa4 Rxa4+ 28. Qxa4 Qb1# 0-1

[Event "Oberliga Bayern 1516"]
[Site "Bayern"]
[Date "2016.04.10"]
[Round "9.8"]
[White "Walter, Florian"]
[Black "Kues, Manuel"]
[Result "1-0"]
[WhiteElo "2170"]
[BlackElo "1946"]
[PlyCount "133"]
[EventDate "2015.10.11"]
[EventType "team-tourn"]
[EventRounds "9"]
[EventCountry "GER"]
[SourceTitle "EXT 2018"]
[Source "ChessBase"]
[SourceDate "2017.10.13"]
[SourceVersion "1"]
[SourceVersionDate "2017.10.13"]
[SourceQuality "1"]
[WhiteTeam "Nuernberg NT"]
[BlackTeam "Kareth Lappersdorf"]
[WhiteTeamCountry "GER"]
[BlackTeamCountry "GER"]

1. g3 e5 2. c4 f5 3. Bg2 Nf6 4. Nc3 Bc5 5. e3 Nc6 6. Nge2 e4 7. Nf4 g5 8. Nh5 d6 9. Nxf6+ Qxf6 10. Nd5 Qf7 11. b4 Bxb4 12. Bb2 Rf8 13. 0-0 Be6 14. d3 Bxd5 15. cxd5 Qxd5 16. Qh5+ Qf7 17. Qxg5 Rg8 18. Qf4 Rg4 19. Qh6 exd3 20. Bf3 Qg6 21. Qxg6+ Rxg6 22. Bh5 Ne5 23. Bxe5 dxe5 24. Rab1 Bc5 25. Rb5 b6 26. g4 Kd7 27. Bxg6 hxg6 28. Kg2 e4 29. Kg3 Bd6+ 30. Kh4 Be7+ 31. Kg3 c5 32. f3 Bd6+ 33. Kg2 Rh8 34. h3 c4 35. gxf5 gxf5 36. Rxf5 Rg8+ 37. Kh1 c3 38. fxe4 c2 39. Rd5 Ke6 40. Rxd3 Rc8 41. Rc1 Rc4 42. Rd2 Rxe4 43. Rcxc2 Bc5 44. Rd3 Re5 45. Kg2 Rg5+ 46. Kf3 Ke5 47. Rd7 Rf5+ 48. Kg4 Rf1 49. Rxa7 Ke4 50. Rc3 Rg1+ 51. Kh5 Rg3 52. h4 Rg8 53. Rf7 Ke5 54. Rf3 Be7 55. Rc6 b5 56. Rg6 Rh8+ 57. Rh6 Rg8 58. Rf2 Bc5 59. Rg6 Ra8 60. Rg5+ Kd6 61. Rf6+ Ke7 62. Rf2 Bb4 63. Rxb5 Be1 64. Rb7+ Ke6 65. Rb6+ Ke7 66. Rg2 Rh8+ 67. Rh6 1-0

[Event "Oberliga Bayern 1415"]
[Site "Germany"]
[Date "2015.02.22"]
[Round "7.6"]
[White "Kues, Manuel"]
[Black "Dehlinger, Alexander"]
[Result "1/2-1/2"]
[WhiteElo "1984"]
[BlackElo "2252"]
[PlyCount "42"]
[EventDate "2014.10.19"]
[EventType "team-tourn"]
[EventRounds "9"]
[EventCountry "GER"]
[SourceTitle "EXT 2016"]
[Source "ChessBase"]
[SourceDate "2015.10.08"]
[SourceVersion "1"]
[SourceVersionDate "2015.10.08"]
[SourceQuality "1"]
[WhiteTeam "Kareth Lappersdorf"]
[BlackTeam "Garching"]
[WhiteTeamCountry "GER"]
[BlackTeamCountry "GER"]

1. e4 c5 2. Nf3 Nc6 3. d4 cxd4 4. Nxd4 Nf6 5. Nc3 e5 6. Ndb5 d6 7. Nd5 Nxd5 8. exd5 Nb8 9. Qf3 a6 10. Qa3 Be7 11. Bg5 f6 12. Bd2 0-0 13. Bb4 Qd7 14. c4 b6 15. Nc3 Qc7 16. Be2 f5 17. 0-0 Bb7 18. Qb3 Nd7 19. a4 Nc5 20. Qc2 e4 21. a5 Rac8 1/2-1/2

[Event "Oberliga Bayern 1415"]
[Site "Germany"]
[Date "2015.02.01"]
[Round "6.6"]
[White "Wockenfuss, Klaus"]
[Black "Kues, Manuel"]
[Result "1-0"]
[WhiteElo "2288"]
[BlackElo "1984"]
[PlyCount "87"]
[EventDate "2014.10.19"]
[EventType "team-tourn"]
[EventRounds "9"]
[EventCountry "GER"]
[SourceTitle "EXT 2016"]
[Source "ChessBase"]
[SourceDate "2015.10.08"]
[SourceVersion "1"]
[SourceVersionDate "2015.10.08"]
[SourceQuality "1"]
[WhiteTeam "Bayern Muenchen II"]
[BlackTeam "Kareth Lappersdorf"]
[WhiteTeamCountry "GER"]
[BlackTeamCountry "GER"]

1. c4 Nf6 2. Nc3 d6 3. g3 g6 4. Bg2 Bg7 5. d4 0-0 6. Nf3 Nbd7 7. 0-0 c6 8. b3 Qc7 9. Qc2 e5 10. Rd1 Nb6 11. Ba3 exd4 12. Rxd4 Rd8 13. Rad1 Ne8 14. R4d2 Be6 15. Bb2 Nf6 16. Ng5 Rac8 17. Nce4 Qe7 18. Nxf6+ Bxf6 19. Bxf6 Qxf6 20. Ne4 Qe7 21. Qb2 f5 22. Nxd6 Rb8 23. h4 Nd7 24. e4 f4 25. gxf4 Bg4 26. f3 Bh5 27. e5 Rf8 28. Ne4 Rbd8 29. Rxd7 Rxd7 30. Rxd7 Qxd7 31. Nf6+ Rxf6 32. exf6 Qd1+ 33. Kf2 Kf7 34. Qe5 Qd2+ 35. Kg3 Qd8 36. Bh3 Qxf6 37. Bg4 Bxg4 38. Qxf6+ Kxf6 39. fxg4 h5 40. c5 b6 41. b4 bxc5 42. bxc5 Ke6 43. f5+ gxf5 44. gxh5 1-0

[Event "Oberliga Bayern 1415"]
[Site "Germany"]
[Date "2015.01.18"]
[Round "5.7"]
[White "Lipok, Christoph"]
[Black "Kues, Manuel"]
[Result "1-0"]
[WhiteElo "2158"]
[BlackElo "1984"]
[PlyCount "103"]
[EventDate "2014.10.19"]
[EventType "team-tourn"]
[EventRounds "9"]
[EventCountry "GER"]
[SourceTitle "EXT 2016"]
[Source "ChessBase"]
[SourceDate "2015.10.08"]
[SourceVersion "1"]
[SourceVersionDate "2015.10.08"]
[SourceQuality "1"]
[WhiteTeam "Goeggingen"]
[BlackTeam "Kareth Lappersdorf"]
[WhiteTeamCountry "GER"]
[BlackTeamCountry "GER"]

1. d4 Nf6 2. c4 c5 3. d5 e6 4. Nc3 exd5 5. cxd5 d6 6. e4 g6 7. Bd3 Bg7 8. h3 0-0 9. Nf3 b5 10. Bxb5 Nxe4 11. Nxe4 Qa5+ 12. Nfd2 Qxb5 13. Nxd6 Qa6 14. N2c4 Nd7 15. 0-0 Nb6 16. Nxb6 Qxb6 17. Nxc8 Raxc8 18. Rb1 Qd6 19. Bg5 Rc7 20. Qf3 Rd7 21. Rfd1 Be5 22. Be3 Rb8 23. b3 Qc7 24. Rbc1 Bd6 25. Rc4 Qa5 26. Qe2 Re8 27. Qc2 Rc7 28. Bd2 Qb6 29. Bc3 Rce7 30. g3 Re2 31. Rd2 Re1+ 32. Kg2 Qb7 33. Qd3 Qe7 34. Qf3 f5 35. Rd3 Re4 36. Bd2 Qg7 37. Bc3 Qe7 38. Bd2 Qg7 39. Re3 Qb2 40. Rexe4 fxe4 41. Qc3 Qxa2 42. Ra4 Qb1 43. Rxa7 Be5 44. Qxc5 Qxb3 45. Be3 Qd1 46. Qc6 Qf3+ 47. Kg1 Qd1+ 48. Kh2 Bxg3+ 49. Kxg3 Qg1+ 50. Kh4 g5+ 51. Kh5 Qd1+ 52. Kh6 1-0

[Event "Oberliga Bayern 1415"]
[Site "Germany"]
[Date "2014.10.19"]
[Round "1.6"]
[White "Martin Fernandez, Rodrigo"]
[Black "Kues, Manuel"]
[Result "1-0"]
[WhiteElo "2211"]
[BlackElo "1984"]
[PlyCount "93"]
[EventDate "2014.10.19"]
[EventType "team-tourn"]
[EventRounds "9"]
[EventCountry "GER"]
[SourceTitle "EXT 2016"]
[Source "ChessBase"]
[SourceDate "2015.10.08"]
[SourceVersion "1"]
[SourceVersionDate "2015.10.08"]
[SourceQuality "1"]
[WhiteTeam "Erlangen"]
[BlackTeam "Kareth Lappersdorf"]
[WhiteTeamCountry "GER"]
[BlackTeamCountry "GER"]

1. d4 Nf6 2. c4 d6 3. Nf3 g6 4. Nc3 Bg7 5. e4 0-0 6. Be2 Nbd7 7. 0-0 c5 8. d5 a6 9. Bg5 h6 10. Bd2 Qc7 11. Qc1 Kh7 12. Qc2 b6 13. Rad1 Bb7 14. h3 Rae8 15. Rfe1 e6 16. dxe6 Rxe6 17. Nd5 Qd8 18. Bd3 Nxd5 19. exd5 Rxe1+ 20. Rxe1 Re8 21. Qc1 Rxe1+ 22. Nxe1 Ne5 23. Bf1 Qe7 24. Qc2 b5 25. b3 b4 26. a3 bxa3 27. Qa2 Qh4 28. Qxa3 Bc8 29. Qc1 f5 30. Qd1 Qd4 31. Be2 Nd7 32. Ba5 Qb2 33. Bc7 Be5 34. Nd3 Qd4 35. Nxe5 Qxe5 36. Qd2 Nf6 37. Qe3 Nd7 38. g3 g5 39. Bh5 Kg7 40. Bd8 f4 41. gxf4 gxf4 42. Qxe5+ dxe5 43. Bg4 Kg6 44. Kg2 e4 45. Be6 Kg7 46. h4 h5 47. Bc7 1-0

[Event "Oberpfalz-ch M1"]
[Site "Sinzing"]
[Date "2014.04.13"]
[Round "3"]
[White "Kues, Manuel"]
[Black "Stoeckl, Stephan"]
[Result "1/2-1/2"]
[WhiteElo "1993"]
[BlackElo "2103"]
[PlyCount "80"]
[EventDate "2014.04.12"]
[EventType "swiss"]
[EventRounds "8"]
[EventCountry "GER"]
[SourceTitle "EXT 2022"]
[Source "ChessBase"]
[SourceDate "2021.10.06"]
[SourceVersion "1"]
[SourceVersionDate "2021.10.06"]
[SourceQuality "1"]

1. e4 c5 2. Nf3 e6 3. d4 cxd4 4. Nxd4 Nf6 5. Nc3 Nc6 6. Be2 Bb4 7. Nxc6 bxc6 8. Qd3 0-0 9. 0-0 d5 10. e5 Nd7 11. f4 a5 12. Qh3 Ba6 13. Bd3 Bxd3 14. cxd3 Qc7 15. Bd2 Rab8 16. Kh1 d4 17. Ne4 Bxd2 18. Nxd2 Rxb2 19. Nf3 c5 20. f5 exf5 21. Qxf5 Qc6 22. a3 Qg6 23. Qh3 Re8 24. Rae1 Nf8 25. Nh4 Qe6 26. Nf5 Ng6 27. Qg3 Qd7 28. h4 f6 29. e6 Rxe6 30. Rxe6 Qxe6 31. Qc7 Qf7 32. Qxc5 Qb7 33. Qc4+ Kh8 34. Rg1 Qd7 35. Rc1 Rb8 36. Nxd4 Nxh4 37. Ne6 Nf5 38. Qe4 Nd6 39. Qd5 Re8 40. Nf4 Qe7 1/2-1/2

[Event "Oberliga Bayern 1314"]
[Site "Bayern"]
[Date "2014.01.19"]
[Round "5.7"]
[White "Kues, Manuel"]
[Black "Kuempers, Ulrich"]
[Result "1-0"]
[WhiteElo "1991"]
[BlackElo "2011"]
[PlyCount "61"]
[EventDate "2013.10.13"]
[EventType "team-tourn"]
[EventRounds "9"]
[EventCountry "GER"]
[SourceTitle "EXT 2015"]
[Source "ChessBase"]
[SourceDate "2014.11.20"]
[SourceVersion "1"]
[SourceVersionDate "2014.11.20"]
[SourceQuality "1"]
[WhiteTeam "Kareth Lappersdorf"]
[BlackTeam "Muenchen Tarrasch"]
[WhiteTeamCountry "GER"]
[BlackTeamCountry "GER"]

1. e4 c6 2. d4 d5 3. exd5 cxd5 4. Bd3 Nc6 5. c3 Nf6 6. h3 g6 7. Nf3 Bg7 8. 0-0 0-0 9. Qc2 Re8 10. Re1 Nd7 11. Qb3 Nb6 12. Bf4 Bf5 13. Bxf5 gxf5 14. Nbd2 e6 15. Re3 Na5 16. Qb5 Nac4 17. Nxc4 Nxc4 18. Rd3 Qb6 19. Qxb6 Nxb6 20. Re1 f6 21. Rde3 Kf7 22. Nd2 e5 23. dxe5 fxe5 24. Bxe5 Bh6 25. f4 Nd7 26. Nf3 Nc5 27. Nd4 Ne4 28. Nxf5 Bf8 29. Kh2 Rac8 30. g4 Re6 31. Rd3 1-0

[Event "Oberliga Bayern 1314"]
[Site "Bayern"]
[Date "2013.11.10"]
[Round "2.6"]
[White "Ter Akopyan, Bagrat"]
[Black "Kues, Manuel"]
[Result "1-0"]
[WhiteElo "2029"]
[BlackElo "1991"]
[PlyCount "65"]
[EventDate "2013.10.13"]
[EventType "team-tourn"]
[EventRounds "9"]
[EventCountry "GER"]
[SourceTitle "EXT 2015"]
[Source "ChessBase"]
[SourceDate "2014.11.20"]
[SourceVersion "1"]
[SourceVersionDate "2014.11.20"]
[SourceQuality "1"]
[WhiteTeam "Puschendorf"]
[BlackTeam "Kareth Lappersdorf"]
[WhiteTeamCountry "GER"]
[BlackTeamCountry "GER"]

1. d4 Nf6 2. g3 g6 3. Bg2 Bg7 4. e4 d6 5. h3 0-0 6. Ne2 e5 7. Nbc3 c6 8. 0-0 Qb6 9. Be3 Qxb2 10. dxe5 Ne8 11. Rb1 Qa3 12. exd6 Be6 13. Bd4 Bxd4 14. Qxd4 Nxd6 15. e5 Nf5 16. Qf4 Qe7 17. Ne4 h6 18. g4 g5 19. Qf3 Nh4 20. Nf6+ Kg7 21. Qd3 Ng6 22. f4 Qc5+ 23. Kh2 Bc4 24. Qf5 gxf4 25. Nh5+ Kh7 26. Nf6+ Kg7 27. Nh5+ Kh7 28. e6 Qxf5 29. gxf5 Bxe2 30. fxg6+ fxg6 31. e7 Nd7 32. exf8Q Nxf8 33. Nf6+ 1-0

[Event "Regionalliga NO 1314"]
[Site "Bayern"]
[Date "2013.10.13"]
[Round "1.5"]
[White "Kues, Manuel"]
[Black "Bloederl, Alfred"]
[Result "1-0"]
[WhiteElo "1932"]
[BlackElo "1928"]
[PlyCount "65"]
[EventDate "2013.10.13"]
[EventType "team-tourn"]
[EventRounds "9"]
[EventCountry "GER"]
[SourceTitle "EXT 2015"]
[Source "ChessBase"]
[SourceDate "2014.11.20"]
[SourceVersion "1"]
[SourceVersionDate "2014.11.20"]
[SourceQuality "1"]
[WhiteTeam "Kareth Lappersdorf II"]
[BlackTeam "Windischeschenbach"]
[WhiteTeamCountry "GER"]
[BlackTeamCountry "GER"]

1. e4 c6 2. d4 d5 3. exd5 cxd5 4. Bd3 Nc6 5. c3 Qc7 6. h3 g6 7. Qc2 Bg7 8. Ne2 e5 9. dxe5 Bxe5 10. 0-0 Nge7 11. Nd2 Bf5 12. Nf3 Bd6 13. Ned4 Bxd3 14. Qxd3 a6 15. Bh6 0-0-0 16. b4 Ne5 17. Nxe5 Bxe5 18. b5 a5 19. b6 Qc4 20. Qf3 f5 21. Rfe1 Bd6 22. Re6 Rd7 23. Rae1 Nc6 24. Bg5 Nd8 25. Re8 Rxe8 26. Rxe8 Qxa2 27. g4 Qb1+ 28. Kg2 Qxb6 29. gxf5 gxf5 30. Qxf5 Bc7 31. Re7 Qd6 32. Nb5 Qh2+ 33. Kf1 1-0

[Event "Oberpfalz-ch M1"]
[Site "Neutraubling"]
[Date "2013.03.26"]
[Round "7"]
[White "Kues, Manuel"]
[Black "Eichinger, Christoph"]
[Result "1/2-1/2"]
[WhiteElo "1999"]
[BlackElo "1963"]
[PlyCount "28"]
[EventDate "2013.03.23"]
[EventType "swiss"]
[EventRounds "8"]
[EventCountry "GER"]
[SourceTitle "EXT 2022"]
[Source "ChessBase"]
[SourceDate "2021.10.06"]
[SourceVersion "1"]
[SourceVersionDate "2021.10.06"]
[SourceQuality "1"]

1. e4 c5 2. Nf3 e6 3. d4 cxd4 4. Nxd4 a6 5. Nc3 Qc7 6. Be2 Nf6 7. Be3 Nc6 8. 0-0 Be7 9. Kh1 d6 10. f4 Nxd4 11. Qxd4 b5 12. e5 dxe5 13. fxe5 Nd7 14. Qg4 Rf8 1/2-1/2

[Event "Regionalliga NO 1213"]
[Site "Bayern"]
[Date "2013.01.13"]
[Round "5.1"]
[White "Roeder, Gerd"]
[Black "Kues, Manuel"]
[Result "1-0"]
[WhiteElo "2083"]
[BlackElo "1944"]
[PlyCount "121"]
[EventDate "2012.10.14"]
[EventType "team-tourn"]
[EventRounds "9"]
[EventCountry "GER"]
[SourceTitle "EXT 2015"]
[Source "ChessBase"]
[SourceDate "2014.11.20"]
[SourceVersion "1"]
[SourceVersionDate "2014.11.20"]
[SourceQuality "1"]
[WhiteTeam "Altensittenbach"]
[BlackTeam "Kareth Lappersdorf II"]
[WhiteTeamCountry "GER"]
[BlackTeamCountry "GER"]

1. e4 c5 2. c3 d5 3. exd5 Qxd5 4. d4 Nc6 5. Nf3 Nf6 6. Be2 g6 7. c4 Qd6 8. d5 Ne5 9. Nc3 a6 10. Nxe5 Qxe5 11. Be3 Qd6 12. 0-0 Bg7 13. a4 0-0 14. a5 Bd7 15. Qd2 Rfc8 16. Bf4 e5 17. dxe6 Qxe6 18. Bf3 Bc6 19. Nd5 Bxd5 20. cxd5 Qd7 21. Rfe1 Re8 22. h3 Rad8 23. Rad1 Rxe1+ 24. Rxe1 Ne8 25. d6 Bf8 26. Qd5 Nxd6 27. Qxc5 Qb5 28. Qxb5 axb5 29. Rd1 Be7 30. Bxd6 Bxd6 31. Rxd6 Rxd6 32. Bxb7 Rd1+ 33. Kh2 Ra1 34. a6 Kf8 35. Kg3 Ke7 36. Kf4 f6 37. g4 Ra4+ 38. Ke3 Kd6 39. f4 g5 40. fxg5 fxg5 41. b3 Ra3 42. Kd4 Ra1 43. Ke4 h6 44. Kf5 Kc5 45. Kg6 Kb4 46. Kxh6 Kxb3 47. Kxg5 Kc3 48. h4 b4 49. h5 Ra5+ 50. Kh4 b3 51. h6 b2 52. Be4 Rxa6 53. h7 Rh6+ 54. Kg5 Rh2 55. Kg6 Rh4 56. Kf7 Kd4 57. Bc2 Ke3 58. g5 Rh2 59. Bb1 Rh1 60. Kg8 Rxh7 61. Kxh7 1-0

[Event "Wittelsbach op 1st"]
[Site "Kelheim"]
[Date "2012.12.29"]
[Round "7"]
[White "Kues, Manuel"]
[Black "Schmitz, Marc"]
[Result "1-0"]
[WhiteElo "2002"]
[BlackElo "1674"]
[PlyCount "63"]
[EventDate "2012.12.26"]
[EventType "swiss"]
[EventRounds "7"]
[EventCountry "GER"]
[SourceTitle "EXT 2014"]
[Source "ChessBase"]
[SourceDate "2013.11.20"]
[SourceVersion "1"]
[SourceVersionDate "2013.11.20"]
[SourceQuality "1"]

1. e4 c5 2. Nf3 Nf6 3. Nc3 d6 4. d4 cxd4 5. Nxd4 g6 6. Be3 Bd7 7. Bc4 Nc6 8. Qd2 Rc8 9. 0-0 Nxd4 10. Qxd4 Bg7 11. Bb3 a6 12. Qd2 0-0 13. Bh6 Qb6 14. Bxg7 Kxg7 15. Kh1 Be6 16. f4 Bxb3 17. axb3 Rfd8 18. Qe2 Qc6 19. Rae1 b5 20. e5 Nd5 21. f5 dxe5 22. Qxe5+ f6 23. Qe4 e5 24. Rd1 Ne7 25. Qb4 Nxf5 26. Rxd8 Rxd8 27. Rxf5 Qxc3 28. Qe7+ Kh6 29. Rh5+ Kxh5 30. Qxh7+ Kg4 31. h3+ Kg3 32. Qxg6+ 1-0

[Event "Wittelsbach op 1st"]
[Site "Kelheim"]
[Date "2012.12.27"]
[Round "2"]
[White "Miethaner, Ulrich"]
[Black "Kues, Manuel"]
[Result "1/2-1/2"]
[WhiteElo "1720"]
[BlackElo "2002"]
[PlyCount "175"]
[EventDate "2012.12.26"]
[EventType "swiss"]
[EventRounds "7"]
[EventCountry "GER"]
[SourceTitle "EXT 2014"]
[Source "ChessBase"]
[SourceDate "2013.11.20"]
[SourceVersion "1"]
[SourceVersionDate "2013.11.20"]
[SourceQuality "1"]

1. d4 Nf6 2. Nc3 g6 3. e4 d6 4. Bc4 Bg7 5. Qe2 e5 6. dxe5 dxe5 7. Bg5 c6 8. f4 Qc7 9. Nf3 Bg4 10. 0-0-0 0-0 11. fxe5 Bxf3 12. gxf3 Nh5 13. Qe3 Bxe5 14. Ne2 b5 15. Bd3 Qa5 16. f4 Bg7 17. Kb1 Nf6 18. Bxf6 Bxf6 19. h4 Na6 20. e5 Nb4 21. Nc3 Nxd3 22. Rxd3 Bg7 23. h5 Rfd8 24. Rxd8+ Qxd8 25. hxg6 hxg6 26. Qh3 Qd4 27. Qh7+ Kf8 28. e6 Qf6 29. exf7 Kxf7 30. Qh4 Qxh4 31. Rxh4 Re8 32. Kc1 Bxc3 33. bxc3 Kf6 34. Kd2 Kf5 35. Rh7 Kxf4 36. Rxa7 Rf8 37. Ke2 Kg4 38. Rd7 Re8+ 39. Kf2 Rf8+ 40. Kg2 Rf6 41. Rd4+ Kf5 42. c4 Ke5 43. Rg4 b4 44. c5 Rf4 45. Rxg6 Kd5 46. Rd6+ Kxc5 47. Rd3 Rc4 48. Rd2 Rc3 49. Kf2 Kc4 50. Ke1 Ra3 51. Kd1 Rxa2 52. Rd6 Ra1+ 53. Kd2 c5 54. Rh6 Rg1 55. Rh4+ Kb5 56. Rh5 Rg3 57. Kc1 Kc4 58. Kb2 Rg4 59. Rh3 Rg5 60. Rh4+ Kb5 61. Rf4 c4 62. Rf8 Rg2 63. Rb8+ Kc5 64. Rc8+ Kd5 65. Rd8+ Ke6 66. Re8+ Kd7 67. Re1 b3 68. Rc1 Kc6 69. Kc3 Kb5 70. cxb3 Rg3+ 71. Kb2 Rxb3+ 72. Kc2 Kb4 73. Rh1 Rc3+ 74. Kb2 Rb3+ 75. Kc2 c3 76. Rh4+ Ka3 77. Rh3 Rb2+ 78. Kc1 Kb3 79. Rh8 Rc2+ 80. Kb1 Rb2+ 81. Kc1 Rg2 82. Rb8+ Kc4 83. Rc8+ Kd3 84. Rd8+ Ke4 85. Re8+ Kd5 86. Rd8+ Ke6 87. Rc8 Kd5 88. Rxc3 1/2-1/2